| 000 | 01336nam a2200265Ia 4500 | ||
|---|---|---|---|
| 999 |
_c5659 _d5659 |
||
| 003 | OSt | ||
| 005 | 20200620233126.0 | ||
| 008 | 191128s2010 sp ad fr 001 0 spa d | ||
| 020 | _a9788479789688 | ||
| 040 |
_aCO-JMCR _cCO-JMCR |
||
| 041 | 0 | _aspa | |
| 082 | 0 | 4 |
_a332.642 / _bP272t _223 |
| 100 | 1 |
_aPérez Fernandez-Tenllado, Ruperto, _eautor _95915 |
|
| 245 | 1 | 0 |
_aTeoría y práctica de la bolsa : _btodo lo que debe saber el inversor sobre los mercados financieros / _cRuperto Pérez Férnandez-Tenllado |
| 260 |
_aMadrid : _bDíaz de Santos, _c2010 |
||
| 300 |
_axviii, 436 páginas : _bgráficos a blanco y negro ; _c24 cm. |
||
| 500 | _aIncluye índice análitico. | ||
| 504 | _aBibliografía: páginas 427 | ||
| 505 | 0 | _aLa bolsa y usted -- Mercados y bolsa -- Principales bolsas del mundo -- Índices bursátiles -- Funcionamiento de la bolsa -- Análisis fundamental -- Análisis técnico - representaciones gráficas | |
| 520 | _aLa bolsa es un negocio muy serio y de una gran dificultad, en el que usted arriesga no solo su patrimonio, sino también su autoestima, frente a millones de personas y poderosas instituciones que tienen en sus miras el mismo objetivo que usted. | ||
| 650 | 1 | 4 |
_aLa bolsa de mercados _95916 |
| 650 | 1 | 4 |
_aÍndices bursátiles _95917 |
| 650 | 1 | 4 |
_aTendencias _95918 |
| 942 |
_2ddc _cBK |
||